| 000 | 00543nam a2200181Ia 4500 | ||
|---|---|---|---|
| 008 | 240925s9999 xx 000 0 und d | ||
| 020 | _a471126950 | ||
| 082 | _a004.6 GIL | ||
| 100 | _aGilster, Paul | ||
| 245 | 0 | _aFinding It On The Internet: the Internet navigator's guide to search tools & techniques | |
| 250 | _a2nd | ||
| 260 |
_aLondon: _bJohn Wiley Sons _c,1996. |
||
| 300 |
_a215p. _bNA _fOriginal |
||
| 500 | _aIncludes Index | ||
| 600 | _aComputer Science | ||
| 650 | _aComputer science, information & general works | ||
| 942 | _cBK | ||
| 999 |
_c3987 _d3987 |
||